MZK Wejherowo 17 - Statystyki

Ogólne statystyki
  • Ten quiz został rozwiązany 12 razy
  • Średni wynik to 18 z 23
Statystyki odpowiedzi
Miasto Przystanek % Poprawnych
Reda Reda Cmentarz 1
88%
Reda Reda Cmentarz 2
88%
Reda Reda Dworzec PKP 4
88%
Reda Reda Gniewowska 1
88%
Reda Reda Gniewowska 2
88%
Reda Reda Młyńska 1
88%
Reda Reda Młyńska 2
88%
Reda Reda Szkolna 1
88%
Reda Reda Szkolna 2
88%
Reda Reda Cicha 1
75%
Reda Reda Cicha 2
75%
Reda Reda Konopnickiej 1
75%
Reda Reda Konopnickiej 1
75%
Reda Reda Konopnickiej 2
75%
Reda Reda Konopnickiej 2
75%
Reda Reda Łąkowa-Osiedle 1
75%
Reda Reda Łąkowa-Osiedle 2
75%
Reda Reda Łąkowa-Ośrodek Zdrowia 1
75%
Reda Reda Łąkowa-Ośrodek Zdrowia 2
75%
Reda Reda Gniewowska-Szkoła 1
63%
Reda Reda Gniewowska-Szkoła 2
63%
Reda Reda Osiedle Konopnickiej 1
63%
Reda Reda Osiedle Konopnickiej 1
63%
Nie znaleziono quizów pasujących do podanych kryteriów
Rozkład punktacji
Procent ludzi z każdym wynikiem
Percentyl według liczby udzielonych odpowiedzi
Twoja historia wyników
Nie rozwiązałeś tego quizu